Does hevein stabilise or destabilise rubber latex? (Record no. 57340)
[ view plain ]
| 000 -LEADER | |
|---|---|
| fixed length control field | 01217nam a2200157Ia 4500 |
| 100 ## - MAIN ENTRY--AUTHOR NAME | |
| Personal name | Soedjanaatmadja Ukun M S |
| 245 #0 - TITLE STATEMENT | |
| Title | Does hevein stabilise or destabilise rubber latex? |
| 260 ## - PUBLICATION, DISTRIBUTION, ETC. (IMPRINT) | |
| Name of publisher | Journal of Rubber Research |
| Year of publication | 1999 |
| 300 ## - PHYSICAL DESCRIPTION | |
| Number of Pages | 69-77 |
| 520 ## - SUMMARY, ETC. | |
| Summary, etc | The acidic protein hevein is the major protein in the lutoid-body fraction of rubber latex. The purified protein has a stabilising effect on suspensions of rubber particles in the presence of unfractionated lutoid-body preparations, which contain destabilising basic proteins. The hevein contents in lutoid-body fractions from rubber clones GT 1 and PR 261 are about two times higher than in that of clone LCB 1320, which may explain the faster destabilization of latex from the latter clone after tapping. Hevein and pseudo-hevein bind chitin and can be isolated by affinity chromatography on a chintin column. Pseudo-hevein binds less strongly to this material than hevein, which can be explained by a replacement of a tryptophan residue by tyrosine in the carbohydrate-binding site of the protein. |
| 700 ## - ADDED ENTRY--PERSONAL NAME | |
| Personal name | Beintema Jaap J |
| 700 ## - ADDED ENTRY--PERSONAL NAME | |
| Personal name | Soedigdo Soekeni |
| 700 ## - ADDED ENTRY--PERSONAL NAME | |
| Personal name | Subroto Toto |
| 942 ## - ADDED ENTRY ELEMENTS (KOHA) | |
| Koha item type | Journals |
| Withdrawn status | Lost status | Damaged status | Not for loan | Home library | Current library | Shelving location | Date acquired | Serial Enumeration / chronology | Koha item type |
|---|---|---|---|---|---|---|---|---|---|
| Journals | RRII Library | RRII Library | Rubber chemistry | 17/12/2021 | Volume 2, Issue 2 | Journals |